Polizeiliche Videoüberwachung an Kriminalitätsbrennpunkten: zugleich eine Untersuchung des § 15a PolG NW
| Main Author: | |
|---|---|
| Format: | Print Book |
| Language: | German |
| Published: |
Hamburg
Kovač
2004
|
| In: |
Schriftenreihe Studien zum Verwaltungsrecht (8)
Year: 2004 |
| Online Access: |
Cover Table of Contents |
| Availability in Tübingen: | Present in Tübingen. IFK: P I 789 |
| Check availability: | HBZ Gateway |
| Subito Delivery Service: | Order now. |
| Keywords: |
MARC
| LEADER | 00000cam a2200000 c 4500 | ||
|---|---|---|---|
| 001 | 471276480 | ||
| 003 | DE-627 | ||
| 005 | 20250612043251.0 | ||
| 007 | tu | ||
| 008 | 041116s2004 gw ||||| m 00| ||ger c | ||
| 020 | |a 3830015925 |9 3-8300-1592-5 | ||
| 035 | |a (DE-627)471276480 | ||
| 035 | |a (DE-576)114805865 | ||
| 035 | |a (DE-599)GBV471276480 | ||
| 035 | |a (OCoLC)178879652 | ||
| 035 | |a (OCoLC)178879652 | ||
| 040 | |a DE-627 |b ger |c DE-627 |e rakwb | ||
| 041 | |a ger | ||
| 044 | |c XA-DE-HH | ||
| 082 | 0 | 4 | |a 340 |
| 084 | |a PZ 5200 |2 rvk |0 (DE-625)rvk/141200: | ||
| 084 | |a PH 4940 |2 rvk |0 (DE-625)rvk/136164: | ||
| 084 | |a PN 367 |2 rvk |0 (DE-625)rvk/137448: | ||
| 084 | |a PN 356 |q OBV |2 rvk |0 (DE-625)rvk/137436: | ||
| 084 | |a 86.54 |2 bkl | ||
| 100 | 1 | |a Post, Christian |4 aut | |
| 245 | 1 | 0 | |a Polizeiliche Videoüberwachung an Kriminalitätsbrennpunkten |b zugleich eine Untersuchung des § 15a PolG NW |c Christian Post |
| 264 | 1 | |a Hamburg |b Kovač |c 2004 | |
| 300 | |a 454 S. |c 21 cm | ||
| 336 | |a Text |b txt |2 rdacontent | ||
| 337 | |a ohne Hilfsmittel zu benutzen |b n |2 rdamedia | ||
| 338 | |a Band |b nc |2 rdacarrier | ||
| 490 | 1 | |a Schriftenreihe Studien zum Verwaltungsrecht |v 8 | |
| 502 | |a Zugl.: Münster, Univ., Diss., 2004 | ||
| 655 | 7 | |a Hochschulschrift |0 (DE-588)4113937-9 |0 (DE-627)105825778 |0 (DE-576)209480580 |2 gnd-content | |
| 689 | 0 | 0 | |d g |0 (DE-588)4042570-8 |0 (DE-627)106213644 |0 (DE-576)209051345 |a Nordrhein-Westfalen |2 gnd |
| 689 | 0 | 1 | |d s |0 (DE-588)4172385-5 |0 (DE-627)105387606 |0 (DE-576)209943130 |a Öffentlicher Raum |2 gnd |
| 689 | 0 | 2 | |d s |0 (DE-588)4758780-5 |0 (DE-627)376024631 |0 (DE-576)216115108 |a Videoüberwachung |2 gnd |
| 689 | 0 | 3 | |d s |0 (DE-588)4115591-9 |0 (DE-627)105813117 |0 (DE-576)209494530 |a Polizeirecht |2 gnd |
| 689 | 0 | 4 | |d s |0 (DE-588)4187680-5 |0 (DE-627)105270296 |0 (DE-576)210047410 |a Verfassungsmäßigkeit |2 gnd |
| 689 | 0 | |5 DE-101 | |
| 751 | |a Münster (Westf) |0 (DE-588)4040608-8 |0 (DE-627)818071567 |0 (DE-576)209041323 |4 uvp | ||
| 830 | 0 | |a Schriftenreihe Studien zum Verwaltungsrecht |v 8 |9 8 |w (DE-627)389124222 |w (DE-576)10934359X |w (DE-600)2147866-1 |x 1613-1002 |7 am | |
| 856 | 4 | 2 | |u http://www.gbv.de/dms/spk/sbb/toc/471276480.pdf |m V:DE-601 |m B:DE-1 |q pdf/application |x Verlag |y Inhaltsverzeichnis |3 Inhaltsverzeichnis |7 1 |
| 856 | 4 | 2 | |u https://swbplus.bsz-bw.de/bsz114805865cov.jpg |m V:DE-576 |v 2007-01-22 |3 Cover |7 1 |
| 935 | |i Blocktest | ||
| 936 | r | v | |a PZ 5200 |b Verwaltung |k Rechtswissenschaft |k Datenverarbeitung und Recht |k Anwendung der DV in Regierung und Gesetzgebung, Verwaltung und Justiz |k Verwaltung |0 (DE-627)1270883992 |0 (DE-625)rvk/141200: |0 (DE-576)200883992 |
| 936 | r | v | |a PH 4940 |b Überwachung des Fernmeldeverkehrs, Einsatz technischer Mittel |k Rechtswissenschaft |k Strafrecht, Strafverfahrensrecht, Kriminologie |k Strafverfahrensrecht |k Zwangsmassnahmen und sonstige Eingriffsbefugnisse |k Überwachung des Fernmeldeverkehrs, Einsatz technischer Mittel |0 (DE-627)1271952858 |0 (DE-625)rvk/136164: |0 (DE-576)201952858 |
| 936 | r | v | |a PN 367 |b Nordrhein-Westfalen |k Rechtswissenschaft |k Verwaltungswissenschaften und Verwaltungsrecht |k Besonderes Verwaltungsrecht |k Recht der öffentlichen Sicherheit und Ordnung |k Das materielle Recht der öffentlichen Sicherheit und Ordnung der Bundesländer |k Nordrhein-Westfalen |0 (DE-627)127176184X |0 (DE-625)rvk/137448: |0 (DE-576)20176184X |
| 936 | r | v | |a PN 356 |b Monografien |k Rechtswissenschaft |k Verwaltungswissenschaften und Verwaltungsrecht |k Besonderes Verwaltungsrecht |k Recht der öffentlichen Sicherheit und Ordnung |k Allgemeines (mehrere Bundesländer insgesamt betreffend) |k Monografien |0 (DE-627)1270920332 |0 (DE-625)rvk/137436: |0 (DE-576)200920332 |
| 936 | b | k | |a 86.54 |j Polizeirecht |j Ordnungsrecht |0 (DE-627)106422308 |
| 951 | |a BO | ||
| ELC | |b 1 | ||
| LOK | |0 000 xxxxxcx a22 zn 4500 | ||
| LOK | |0 001 3187910068 | ||
| LOK | |0 003 DE-627 | ||
| LOK | |0 004 471276480 | ||
| LOK | |0 005 20100407234031 | ||
| LOK | |0 008 041213||||||||||||||||ger||||||| | ||
| LOK | |0 040 |a DE-21-110 |c DE-627 |d DE-21-110 | ||
| LOK | |0 541 |e 04/561 | ||
| LOK | |0 689 |a s |0 1311423117 |a Polizeiliche Videoüberwachung | ||
| LOK | |0 689 |a s |0 1311119019 |a Polizei | ||
| LOK | |0 689 |a s |0 1311118918 |a Kriminalität | ||
| LOK | |0 689 |a s |0 1311423125 |a Kriminalitätsbrennpunkte | ||
| LOK | |0 852 |a DE-21-110 | ||
| LOK | |0 852 1 |c P I 789 |m p |9 00 | ||
| LOK | |0 936ln |a 2.4 | ||
| LOK | |0 938 |k p | ||
| LOK | |0 939 |a 13-12-04 |b l01 | ||
| ORI | |a SA-MARC-krimdoka001.raw | ||
| SIG | |a IFK: P I 789 | ||
